Principle of Economics (Record no. 5700)

MARC details
005 - DATE AND TIME OF LATEST TRANSACTION
control field 20250627145223.0
020 ## - INTERNATIONAL STANDARD BOOK NUMBER
International Standard Book Number 0-07-250330-0
082 ## - DEWEY DECIMAL CLASSIFICATION NUMBER
Classification number 330 FRA
100 ## - MAIN ENTRY--PERSONAL NAME
Author name FRANK R .
245 ## - TITLE STATEMENT
Title Principle of Economics
250 ## - EDITION STATEMENT
Edition statement 2nd Ed.
260 ## - PUBLICATION, DISTRIBUTION, ETC.
Place of publication, distribution, etc. Boston,
Name of publisher, distributor, etc. McGraw Hill,
Date of publication, distribution, etc. 2004.
300 ## - PHYSICAL DESCRIPTION
Extent xl, 840p.: ill.; figure, picture, table.
Other physical details glossary & index,
Dimensions 28cm.
700 ## - ADDED ENTRY--PERSONAL NAME
Other authors/Editors BERNANKE, B . S .
942 ## - ADDED ENTRY ELEMENTS (KOHA)
Source of classification or shelving scheme Dewey Decimal Classification
Koha item type Books
Holdings
Date last seen Total checkouts Full call number Barcode Cost, replacement price Price effective from Koha item type Lost status Source of classification or shelving scheme Damaged status Not for loan Withdrawn status Home library Current library Shelving location Date acquired Source of acquisition Cost, normal purchase price
06/27/2025   330 FRA MZA0002382 180000.00 06/27/2025 Books   Dewey Decimal Classification       CBE Mwanza CBE Mwanza General Collection 07/17/2007 Library Budget 60000.00
06/27/2025   330 FRA MZA0002383 180000.00 06/27/2025 Books   Dewey Decimal Classification       CBE Mwanza CBE Mwanza General Collection 07/17/2007 Library Budget 60000.00
06/27/2025   330 FRA MZA0002384 180000.00 06/27/2025 Books   Dewey Decimal Classification       CBE Mwanza CBE Mwanza General Collection 07/17/2007 Library Budget 60000.00
06/27/2025   330 FRA MZA0002385 180000.00 06/27/2025 Books   Dewey Decimal Classification       CBE Mwanza CBE Mwanza General Collection 07/17/2007 Library Budget 60000.00
06/27/2025   330 FRA MZA0002386 180000.00 06/27/2025 Books   Dewey Decimal Classification       CBE Mwanza CBE Mwanza General Collection 07/17/2007 Library Budget 60000.00
06/27/2025   330 FRA MZA0002387 180000.00 06/27/2025 Books   Dewey Decimal Classification       CBE Mwanza CBE Mwanza General Collection 07/17/2007 Library Budget 60000.00
06/27/2025   330 FRA MZA0002388 180000.00 06/27/2025 Books   Dewey Decimal Classification       CBE Mwanza CBE Mwanza General Collection 07/17/2007 Library Budget 60000.00
06/27/2025   330 FRA MZA0002389 180000.00 06/27/2025 Books   Dewey Decimal Classification       CBE Mwanza CBE Mwanza General Collection 07/17/2007 Library Budget 60000.00
06/27/2025   330 FRA MZA0002390 180000.00 06/27/2025 Books   Dewey Decimal Classification       CBE Mwanza CBE Mwanza General Collection 07/17/2007 Library Budget 60000.00